000
00315nam a2200109Ia 4500
008
171211s9999 xx 000 0 und d
245
_a
Hot Sex: 9 Engaging Sex Positions Like None Other
245
_c
Brett Taylor
260
_c
2012
650
_x
Sexuality
856
_u
http://down.ebook777.com/059/9780803295223.pdf
999
_c
350782
_d
350782